[Event "Seefeld op 13th"]
[Site "Seefeld"]
[Date "2002.09.15"]
[Round "2"]
[White "Schwarz, Oliver"]
[Black "Schweinberger, Josef"]
[Result "1-0"]
[WhiteElo "2025"]
[BlackElo "1656"]
[PlyCount "87"]
[EventDate "2002.09.14"]
[EventType "swiss"]
[EventRounds "9"]
[EventCountry "AUT"]
[SourceTitle "EXT 2007"]
[Source "ChessBase"]
[SourceDate "2006.11.23"]
[SourceVersion "1"]
[SourceVersionDate "2006.11.23"]
[SourceQuality "1"]

1. d4 d5 2. c4 e6 3. Nc3 Nf6 4. Bf4 c5 5. e3 a6 6. Nf3 dxc4 7. Bxc4 b5 8. Bd3 c4 9. Bc2 Bb7 10. a3 Bd6 11. Bg5 h6 12. Bh4 Nbd7 13. e4 e5 14. d5 Qb6 15. 0-0 g5 16. Bg3 Nh5 17. Nxe5 Nxe5 18. Qxh5 Bc8 19. h3 Bd7 20. Kh2 0-0-0 21. f4 gxf4 22. Bxf4 f6 23. Kh1 Rdg8 24. Rad1 Kc7 25. Ne2 Be8 26. Qf5 Rg6 27. Nd4 Rhg8 28. Rd2 Kb7 29. Ne6 Ka8 30. Bd1 c3 31. bxc3 Nc4 32. Re2 Bxf4 33. Qxf4 Bd7 34. Nd4 Nxa3 35. Nf5 Qc5 36. Qd6 Qxd6 37. Nxd6 Nb1 38. Rf3 Rg3 39. Rc2 Na3 40. Ra2 Ka7 41. Rxg3 Rxg3 42. Rxa3 b4 43. Rb3 a5 44. cxb4 1-0

[Event "Seefeld op 11th"]
[Site "Seefeld"]
[Date "2000.09.20"]
[Round "5"]
[White "Schweinberger, Josef"]
[Black "Plock, Christian"]
[Result "1/2-1/2"]
[WhiteElo "1750"]
[BlackElo "1635"]
[PlyCount "42"]
[EventDate "2000.09.16"]
[EventType "swiss"]
[EventRounds "9"]
[EventCountry "AUT"]
[SourceTitle "EXT 2001"]
[Source "ChessBase"]
[SourceDate "2000.11.22"]
[SourceVersion "1"]
[SourceVersionDate "2000.11.22"]
[SourceQuality "1"]

1. d4 d5 2. c4 e6 3. a3 Nf6 4. Nc3 Nbd7 5. Nf3 Be7 6. e3 0-0 7. c5 c6 8. b4 a6 9. Bd3 Re8 10. 0-0 Bf8 11. Re1 e5 12. Bf5 e4 13. Nd2 g6 14. Bh3 Bg7 15. Qc2 Nf8 16. Bxc8 Rxc8 17. f3 exf3 18. Nxf3 Ne6 19. e4 dxe4 20. Nxe4 Nxe4 21. Rxe4 Nxd4 1/2-1/2

[Event "Seefeld op 11th"]
[Site "Seefeld"]
[Date "2000.09.19"]
[Round "4"]
[White "Muuss, Klaus"]
[Black "Schweinberger, Josef"]
[Result "1-0"]
[WhiteElo "2012"]
[BlackElo "1750"]
[PlyCount "69"]
[EventDate "2000.09.16"]
[EventType "swiss"]
[EventRounds "9"]
[EventCountry "AUT"]
[SourceTitle "EXT 2001"]
[Source "ChessBase"]
[SourceDate "2000.11.22"]
[SourceVersion "1"]
[SourceVersionDate "2000.11.22"]
[SourceQuality "1"]

1. e4 c5 2. Nf3 a6 3. d4 cxd4 4. Nxd4 d6 5. Nc3 Nf6 6. Bg5 Nbd7 7. Qd2 g6 8. 0-0-0 Bg7 9. h4 Qc7 10. f3 b5 11. h5 Nxh5 12. Nd5 Qb8 13. Nc6 Qb7 14. Ncxe7 Nhf6 15. Qf4 Nxd5 16. Nxd5 Be5 17. Qh4 h5 18. f4 Bg7 19. Bd8 0-0 20. f5 Rxd8 21. Qxd8+ Nf8 22. Ne7+ Kh7 23. fxg6+ fxg6 24. Qxd6 Bg4 25. Re1 Re8 26. Nd5 Re6 27. Qb4 Qf7 28. Be2 Bxe2 29. Rxe2 Nd7 30. Qe1 Nc5 31. Rf1 Qd7 32. g4 Rxe4 33. Rxe4 Qxd5 34. Re7 Qxa2 35. Rxg7+ 1-0

[Event "Wattens op 15th"]
[Site "Wattens"]
[Date "2000.09.01"]
[Round "7"]
[White "Krause, Christian"]
[Black "Schweinberger, Josef"]
[Result "0-1"]
[WhiteElo "2181"]
[BlackElo "1750"]
[PlyCount "90"]
[EventDate "2000.08.26"]
[EventType "swiss"]
[EventRounds "9"]
[EventCountry "AUT"]
[SourceTitle "EXT 2001"]
[Source "ChessBase"]
[SourceDate "2000.11.22"]
[SourceVersion "1"]
[SourceVersionDate "2000.11.22"]
[SourceQuality "1"]

1. c4 Nf6 2. Nc3 c5 3. e4 d6 4. g3 Nc6 5. Bg2 g6 6. Nge2 Bg7 7. d3 0-0 8. 0-0 a6 9. Rb1 Bd7 10. h3 Qc8 11. Kh2 h5 12. a3 e5 13. b4 Ne7 14. Na4 Bxa4 15. Qxa4 b5 16. Qb3 Nh7 17. Be3 bxc4 18. dxc4 Rb8 19. Qd3 cxb4 20. axb4 Rd8 21. Rfc1 Rd7 22. b5 axb5 23. cxb5 Qd8 24. Nc3 f5 25. Rd1 Qf8 26. f4 g5 27. Rf1 exf4 28. gxf4 g4 29. e5 Qf7 30. Rfd1 gxh3 31. Bd5 Nxd5 32. Qxd5 Nf8 33. Rg1 dxe5 34. Qxe5 Re8 35. Qc5 Rc7 36. Qd4 Ne6 37. Qb4 Kh8 38. Nd5 Rc2+ 39. Kxh3 Ng5+ 40. Rxg5 Qxd5 41. Bd4 Bxd4 42. Rxh5+ Kg8 43. Rg5+ Bg7 44. Rxg7+ Kxg7 45. Rg1+ Kf6 0-1

[Event "Wattens op 15th"]
[Site "Wattens"]
[Date "2000.08.29"]
[Round "4"]
[White "Schmadl, Gerald"]
[Black "Schweinberger, Josef"]
[Result "1/2-1/2"]
[WhiteElo "1900"]
[BlackElo "1750"]
[PlyCount "59"]
[EventDate "2000.08.26"]
[EventType "swiss"]
[EventRounds "9"]
[EventCountry "AUT"]
[SourceTitle "EXT 2001"]
[Source "ChessBase"]
[SourceDate "2000.11.22"]
[SourceVersion "1"]
[SourceVersionDate "2000.11.22"]
[SourceQuality "1"]

1. e4 c5 2. Nf3 d6 3. d4 cxd4 4. Nxd4 Nf6 5. Nc3 a6 6. a4 g6 7. Be2 Bg7 8. Be3 0-0 9. 0-0 Bd7 10. Kh1 Nc6 11. Nb3 Rc8 12. f4 Be6 13. f5 Bxb3 14. cxb3 Ne5 15. a5 Qd7 16. Bg5 Qc6 17. Bxf6 Bxf6 18. fxg6 fxg6 19. Nd5 Qe8 20. Nxf6+ exf6 21. Qxd6 Rc6 22. Qd5+ Kg7 23. b4 Qe7 24. b5 axb5 25. Qxb5 Rfc8 26. h3 R8c7 27. a6 bxa6 28. Rxa6 Rb7 29. Qa4 Rxa6 30. Qxa6 1/2-1/2

[Event "Seefeld op 10th"]
[Site "Seefeld"]
[Date "1999.09.19"]
[Round "9"]
[White "Schweinberger, Josef"]
[Black "Ruhle, Ernst Albrecht"]
[Result "1-0"]
[WhiteElo "1720"]
[BlackElo "1596"]
[PlyCount "67"]
[EventDate "1999.09.11"]
[EventType "swiss"]
[EventRounds "9"]
[EventCountry "AUT"]
[SourceTitle "EXT 2001"]
[Source "ChessBase"]
[SourceDate "2000.11.22"]
[SourceVersion "1"]
[SourceVersionDate "2000.11.22"]
[SourceQuality "1"]

1. d4 Nf6 2. c4 e5 3. dxe5 Ng4 4. Nf3 Nc6 5. e3 Ngxe5 6. Be2 Bb4+ 7. Bd2 Bxd2+ 8. Nbxd2 0-0 9. 0-0 d6 10. a3 Re8 11. h3 h6 12. Qc2 Rb8 13. Rad1 Nxf3+ 14. Nxf3 b6 15. b4 Ne5 16. Nd4 Bb7 17. c5 Qg5 18. c6 Bc8 19. f4 Qg6 20. fxe5 Bxh3 21. Qxg6 fxg6 22. gxh3 Rxe5 23. Rf3 Rbe8 24. Rdf1 Rxe3 25. Bc4+ Kh7 26. Rxe3 Rxe3 27. Rf3 Re4 28. Rd3 g5 29. Bd5 Re5 30. Nb5 g4 31. hxg4 Rg5 32. Rd4 h5 33. Nxc7 hxg4 34. Ne6 1-0

[Event "Seefeld op 10th"]
[Site "Seefeld"]
[Date "1999.09.17"]
[Round "7"]
[White "Schweinberger, Josef"]
[Black "Mangold, Stefan"]
[Result "1/2-1/2"]
[WhiteElo "1720"]
[BlackElo "1580"]
[PlyCount "123"]
[EventDate "1999.09.11"]
[EventType "swiss"]
[EventRounds "9"]
[EventCountry "AUT"]
[SourceTitle "EXT 2001"]
[Source "ChessBase"]
[SourceDate "2000.11.22"]
[SourceVersion "1"]
[SourceVersionDate "2000.11.22"]
[SourceQuality "1"]

1. d4 e5 2. c3 e4 3. e3 d5 4. g3 c6 5. Bg2 Bd6 6. Ne2 h6 7. 0-0 g5 8. f3 Bf5 9. Qc2 Qe7 10. fxe4 Bxe4 11. Bxe4 dxe4 12. c4 Nf6 13. c5 Bc7 14. a3 b5 15. b4 a5 16. Bb2 Nd5 17. Qd2 axb4 18. axb4 Rxa1 19. Bxa1 Na6 20. Nbc3 Naxb4 21. Bb2 0-0 22. Nxd5 Nxd5 23. Ra1 Bb8 24. Nc3 Qb7 25. Nxe4 f5 26. Nc3 Qd7 27. Ra6 Qb7 28. Ra1 Bc7 29. Nxd5 cxd5 30. Bc3 Ra8 31. Rxa8+ Qxa8 32. Bb4 Qa1+ 33. Kg2 Qb1 34. Qe1 Qd3 35. Kf2 h5 36. Qe2 Qxe2+ 37. Kxe2 h4 38. Kf2 h3 39. Ke2 Kf7 40. Kd3 Ke6 41. Bd2 Kd7 42. Be1 Kc6 43. Kc2 Kb7 44. Kb3 Ka6 45. Bf2 Ba5 46. Bg1 Be1 47. Ka3 Ka5 48. Kb3 b4 49. Ka2 Kb5 50. Kb3 Ka6 51. Kc2 Kb5 52. Kb3 Kc6 53. Ka2 Bc3 54. Bf2 Kb5 55. Kb3 Bd2 56. Kc2 Bc3 57. Kb3 Bd2 58. Kc2 Bc3 59. Kb3 Kc6 60. Kc2 Kb5 61. Kb3 Bd2 62. Kc2 1/2-1/2

[Event "Seefeld op 10th"]
[Site "Seefeld"]
[Date "1999.09.15"]
[Round "5"]
[White "Schweinberger, Josef"]
[Black "Stock, Juergen"]
[Result "0-1"]
[WhiteElo "1720"]
[BlackElo "2048"]
[PlyCount "116"]
[EventDate "1999.09.11"]
[EventType "swiss"]
[EventRounds "9"]
[EventCountry "AUT"]
[SourceTitle "EXT 2001"]
[Source "ChessBase"]
[SourceDate "2000.11.22"]
[SourceVersion "1"]
[SourceVersionDate "2000.11.22"]
[SourceQuality "1"]

1. d4 e6 2. c4 f5 3. Nc3 d5 4. cxd5 exd5 5. Nf3 c6 6. Bf4 Nf6 7. e3 Bd6 8. Ne5 0-0 9. h3 Ne4 10. Be2 Bb4 11. Qc2 Qa5 12. 0-0 Bxc3 13. bxc3 Qxc3 14. Rfc1 Qxc2 15. Rxc2 Nd7 16. f3 Nef6 17. Nd3 Nh5 18. Bh2 Re8 19. Kf2 h6 20. g4 fxg4 21. hxg4 Nhf6 22. Rh1 Nh7 23. Bf4 g5 24. Bg3 Re6 25. f4 gxf4 26. Nxf4 Rf6 27. Bd3 Ndf8 28. Kf3 Ng5+ 29. Kg2 Bxg4 30. Rh4 Bf3+ 31. Kg1 Bd1 32. Rch2 Nf3+ 33. Kg2 Nxh2 34. Bxh2 Re8 35. Rh3 h5 36. Nxh5 Bxh5 37. Rxh5 Rxe3 38. Be5 Rxd3 39. Bxf6 Rd2+ 40. Kf3 Rxa2 41. Ke3 a5 42. Kd3 Ra3+ 43. Kc2 b5 44. Kb2 Rf3 45. Bd8 a4 46. Be7 Ne6 47. Rh4 Rf4 48. Rxf4 Nxf4 49. Kc3 Kf7 50. Bc5 Kf6 51. Kd2 Kf5 52. Ke3 Ne6 53. Bb4 Nc7 54. Kd3 Na6 55. Bc3 b4 56. Ba1 Nc7 57. Kc2 Ke4 58. Kd2 Nb5 0-1

[Event "Seefeld op 09th"]
[Site "Seefeld"]
[Date "1998.??.??"]
[Round "8"]
[White "Schweinberger, Josef"]
[Black "Kaye, Ferdinand"]
[Result "0-1"]
[WhiteElo "1720"]
[BlackElo "1990"]
[PlyCount "54"]
[EventDate "1998.09.12"]
[EventType "swiss"]
[EventRounds "9"]
[EventCountry "AUT"]
[SourceTitle "EXT 2000"]
[Source "ChessBase"]
[SourceDate "1999.11.16"]
[SourceVersion "1"]
[SourceVersionDate "1999.11.16"]
[SourceQuality "1"]

1. d4 g6 2. c4 Bg7 3. Nc3 d6 4. Qc2 Bxd4 5. e3 Bg7 6. b3 Nf6 7. Bb2 0-0 8. Rd1 Nc6 9. a3 b6 10. Nf3 Bb7 11. Bd3 e5 12. h3 Nd7 13. h4 Nc5 14. Be2 Re8 15. b4 Ne6 16. h5 a5 17. hxg6 hxg6 18. b5 Ne7 19. Kd2 c6 20. Kc1 Qc7 21. Ne4 Red8 22. Neg5 Nxg5 23. Nxg5 cxb5 24. f4 Qc5 25. Qc3 Nf5 26. Bf3 Bxf3 27. gxf3 Qxe3+ 0-1

[Event "Seefeld op 07th"]
[Site "Seefeld"]
[Date "1996.??.??"]
[Round "?"]
[White "Mueller, Norbert"]
[Black "Schweinberger, Josef"]
[Result "1-0"]
[WhiteElo "2110"]
[BlackElo "1730"]
[PlyCount "111"]
[EventDate "1996.09.15"]
[EventType "swiss"]
[EventRounds "9"]
[EventCountry "AUT"]
[SourceTitle "EXT 2000"]
[Source "ChessBase"]
[SourceDate "1999.11.16"]
[SourceVersion "1"]
[SourceVersionDate "1999.11.16"]
[SourceQuality "1"]

1. d4 Nf6 2. c4 g6 3. Nc3 Bg7 4. e4 d6 5. Be2 Nc6 6. d5 Nb4 7. Bg5 c6 8. a3 Na6 9. b4 Nc7 10. h3 cxd5 11. cxd5 a6 12. Nf3 b6 13. 0-0 0-0 14. Rc1 Bb7 15. Qd2 Rc8 16. Bh6 Qd7 17. Bxg7 Kxg7 18. Rfd1 b5 19. Qd4 Kg8 20. Nd2 Rfd8 21. Nb3 Qe8 22. Na5 Ba8 23. Rc2 e5 24. Qe3 Kg7 25. Rdc1 Qe7 26. Bf3 Nce8 27. Nd1 Rb8 28. g4 h6 29. h4 Nh7 30. h5 g5 31. Qe2 Nhf6 32. Ne3 Kh7 33. Nf5 Qd7 34. Qd3 Ng8 35. Qb3 Ne7 36. Nc6 Nxc6 37. dxc6 Qc7 38. Ne3 Nf6 39. Nd5 Nxd5 40. exd5 Rf8 41. Be4+ Kg7 42. Qf3 Rh8 43. Rc3 Rbf8 44. Kh2 Rc8 45. R1c2 Rhf8 46. Qf5 Rh8 47. Rf3 Qe7 48. a4 Rc7 49. axb5 axb5 50. Ra2 Rcc8 51. Ra5 Rb8 52. Kh3 Qc7 53. Qf6+ Kg8 54. Rfa3 Qd8 55. Qxd8+ Rxd8 56. Rxa8 1-0